| 000 | 00823nam a22002657a 4500 | ||
|---|---|---|---|
| 001 | BR8405441 | ||
| 003 | BR-BrBNA | ||
| 005 | 20230928092034.0 | ||
| 007 | ta | ||
| 008 | 230509b bl.||||| |||| 00| 0 por d | ||
| 040 |
_aBR-BrBNA _bpor _cBiblioteca Nacional de Agricultura |
||
| 041 | _a(Por) | ||
| 072 |
_aE14 _b/G514 |
||
| 090 | _ E14 BR8405441 | ||
| 110 | 1 |
_aComissao Estadual de Planejamento Agricola, Rio Branco, AC (Brasil) _92059 |
|
| 245 | 1 | _aProposta de elaboracao do PDRI/AC-1985-89 [Plano de Desenvolvimento Regional Integrado, Acre, Brasil] | |
| 260 | 3 |
_aRio Branco, AC (Brasil): _c[nd]. |
|
| 300 | _a80 p. | ||
| 500 | _aPublished 1984?; 7 tables; 18 ref. | ||
| 650 | _aPROJETO AGRICOLA | ||
| 650 | _aDESENVOLVIMENTO RURAL | ||
| 650 | _aACRE | ||
| 909 |
_a202309 _bLucia _c55 _dLucia Elande |
||
| 942 | _cBK | ||
| 999 |
_c36834 _d36834 |
||